Vectorisation of Index Map comes in under budget and on time (Record no. 74661)

MARC details
000 -LEADER
fixed length control field 00863cab a2200217 4500
001 - CONTROL NUMBER
control field ABS68535
008 - FIXED-LENGTH DATA ELEMENTS--GENERAL INFORMATION
fixed length control field 041210n2004 000 0 eng u
035 ## - SYSTEM CONTROL NUMBER
System control number (Sirsi) u128277
245 ## - TITLE STATEMENT
Title Vectorisation of Index Map comes in under budget and on time
260 ## - PUBLICATION, DISTRIBUTION, ETC.
Date of publication, distribution, etc. 2004
490 ## - SERIES STATEMENT
Series statement Geomatics World
Volume/sequential designation 13(1) November/December 2004, 36-37(2)
520 ## - SUMMARY, ETC.
Summary, etc. Explains how the Land Registry met e-government targets to digitise over 21m land titles which were, until recently, indexed through 450 000 paper index maps - large scale segments of Ordnance Survey mapping referenced with ownership details. The Index Map Vectorisation was started five years ago.
590 ## - LOCAL NOTE (RLIN)
Local note ABS
650 ## - SUBJECT ADDED ENTRY--TOPICAL TERM
Topical term or geographic name entry element MAPPING
650 ## - SUBJECT ADDED ENTRY--TOPICAL TERM
Topical term or geographic name entry element DIGITISATION
650 ## - SUBJECT ADDED ENTRY--TOPICAL TERM
Topical term or geographic name entry element VECTOR DIGITIZING
650 ## - SUBJECT ADDED ENTRY--TOPICAL TERM
Topical term or geographic name entry element LAND REGISTER
650 ## - SUBJECT ADDED ENTRY--TOPICAL TERM
Topical term or geographic name entry element TITLE TO LAND
690 ## - LOCAL SUBJECT ADDED ENTRY--TOPICAL TERM (OCLC, RLIN)
Topical term or geographic name as entry element Geomatics
9 (RLIN) 6242
942 ## - ADDED ENTRY ELEMENTS (KOHA)
Suppress in OPAC 0
Holdings
Withdrawn status Lost status Source of classification or shelving scheme Damaged status Not for loan Home library Current library Shelving location Date acquired Total Checkouts Full call number Barcode Date last seen Copy number Price effective from Koha item type
    Dewey Decimal Classification     London London Journal article 10/12/2004   ABS68535 128277-1001 06/08/2019 1 06/08/2019 Journal article